01301cam a2200361 i 4500952016700000999001700167001000900184003000400193005001700197008004100214010001700255020001800272020002600290020002400316040002300340042000800363050002000371082001800391100002500409240003800434245006800472250001700540264003300557300004700590336002600637337002800663338002700691504005100718630002200769650006100791906004500852942004200897 00102ddc40708PSYCHOLOGYaMESbMEScPSYCHOLOGYd2022-07-25e51g746.25l1o300.72 FIE/Dp41501r2022-07-26 00:00:00s2022-07-26v995.00w2022-07-25yBKzGL45R2 c41485d4148517389146OSt20221026105937.0120717s2013 caua b 001 0 eng  a 2012944559 a9789351500827 a9781446249178 (Cloth) a9781446249185 (pbk) aDLCbengerdacDLC apcc00aHA32b.F54 2013 a300.72bFIE/D1 aField, Andy P.9905510aDiscovering statistics using SPSS10aDiscovering statistics using IBM SPSS statistics /cAndy Field. a4th edition. 1aLos Angeles :bSage,c[2013] axxxvi, 915 pages :billustrations ;c28 cm atextbtxt2rdacontent aunmediatedbn2rdamedia avolumebnc2rdacarrier aIncludes bibliographical references and index.00aSPSS for Windows. 0aSocial sciencesxStatistical methodsxComputer programs. a7bcbccorigresd3encipf20gy-gencatlg 2ddccBKh300.72iFIE/Dk300.72mFIE/D